THE 12 TISSUE REMEDIES OF SCHUSSLER (Record no. 20295)

MARC details
000 -LEADER
fixed length control field 00294nam a22001337a 4500
003 - CONTROL NUMBER IDENTIFIER
control field SGT
082 ## - DEWEY DECIMAL CLASSIFICATION NUMBER
Classification number 615.532
Item number T15B
100 ## - MAIN ENTRY--PERSONAL NAME
Personal name BOERICKE,WILLIAM
245 ## - TITLE STATEMENT
Title THE 12 TISSUE REMEDIES OF SCHUSSLER
260 ## - PUBLICATION, DISTRIBUTION, ETC. (IMPRINT)
Place of publication, distribution, etc INDIA
Name of publisher, distributor, etc B.JAIN
Year of Publication 2015
300 ## - PAGE DESCRIPTION
No. of Pages 450
650 ## - SUBJECT ADDED ENTRY--TOPICAL TERM
Topical term or geographic name as entry element HOMEOPATHIC
942 ## - ADDED ENTRY ELEMENTS (KOHA)
Source of classification or shelving scheme Dewey Decimal Classification
Koha item type Books

No items available.